| 000 | 03364nam a2200313 i 4500 | ||
|---|---|---|---|
| 003 | DO-SdBNP | ||
| 005 | 20260305074000.0 | ||
| 007 | ta | ||
| 008 | 250516b2024 dr ao||| |||| 00| 0 spa d | ||
| 020 | _a9789945251203 | ||
| 040 |
_aDO-SdBNP _bspa _cBNPHU _erda |
||
| 041 | _aspa | ||
| 082 | 4 |
_a0 _bG377cen _222 |
|
| 100 | 1 |
_aGerón, Candido, _d1948- _eautor _4aut. _93577 |
|
| 245 | 1 | 0 |
_aCentenario del maestro Guillo Pérez : _b1923-2023 / _cCándido Gerón ; cuidado de edición, Cándido Gerón ; diseño general Alexander Araujo Batista ; imágenes históricas, Archivo General de la Nación. |
| 250 | _aPrimera edición | ||
| 264 | 4 |
_aSanto Domingo : _bArchivo General de la Nación, _c©2025. |
|
| 300 |
_a231 páginas : _bilustraciones, fotografías ; _c31 cm. |
||
| 336 |
_atexto _btxt _2rdacontent |
||
| 337 |
_asin mediación _bn _2rdamedia |
||
| 338 |
_avolumen _bnc _2rdacarrier |
||
| 490 | 0 |
_aArchivo General de la Nación ; _v526 |
|
| 500 | _aIncluye datos biográficos del autor en las solapas | ||
| 505 | _aIntroducción, 15.-- Todo lo que hay que saber del arte del maestro Guillo Pérez, 25.-- Centenario del maestro Guillo Pérez : patrimonio histórico dominicano, 57.-- Guillo Pérez sigue siendo el mejor colorista, 67.-- Guillo Pérez y la poesía del color, 73.-- Guillo Pérez y los sentimientos comunes, 81.-- Guillo Pérez, el arte y la autenticidad, 89.-- Permanencia de Guillo Pérez, 93.-- Artículos / Informalismo total y espacialismo absoluto en la nueva obra abstracta de Guillo Pérez. Manuel Valldeperes 1964, 103.-- Guillo Pérez : imagen de su pintura. Francisco Comarazamy 1969, 109.-- Guillo Pérez presenta temas coloniales. María Ugarte 1970, 111.-- Guillo Pérez en busca de su color. Enrique de Marchena y Dujarric 1972, 119.-- Guillo Pérez atenúa su cromatismo en impresiones de tierra santa. Fernando Peña Defilló 1973, 123.-- La hermosa pintura de Guillo Pérez. Marianne de Tolentino 1973, 127.-- Una nueva etapa en la pintura de Guillo Pérez. Danilo Lassose 1974, 131.-- El buey, el ingenio, el picador, la caña : protagonistas de la nueva pintura de Guillo. Ángela Peña 1976, 137.-- Guillo Pérez incorpora la Sociología y la Pintura. Francisco Comarazamy 1976, 143.-- Guillo Pérez, un momento del arte nacional. Marianne de Tolentino 1976, 153.-- El gallo pasa a enriquecer la pintura de Guillo Pérez. Francisco Comarazamy 1980, 161.-- Los gallos de Guillo : tema con magníficos resultados pictóricos. Jeannette Miller 1980, 167.-- La máquina del tiempo en la vida y obra del maestro Guillo Pérez. Ángela Peña 1980, 173.-- Guillo Pérez, pintor de lo nacional y lo universal. Danilo Lassose 1980, 179.-- Guillo Pérez, el gran colorista dominicano. Danilo de los Santos 1990, 189.-- La potencialidad cromática y afectiva en la pintura del maestro Guillo Pérez. Cándido Gerón 1980, 193.-- Una nueva fórmula estética para la pintura latinoamericana. Abil Peralta 1991, 201.-- ¡Oh pero si este Guillo Pérez es un Chaman aeda, cómplice telúrico o aurora!. Tony Raful 1992, 205.-- Guillo Pérez : pintor de la nacionalidad dominicana. Eduardo mercedes, 207.-- Guillo Pérez : 50 años en el arte. Virginia Goris 1995, 213.-- Biografía, 223. | ||
| 590 | _aInventariado, 2025 /LP | ||
| 700 | 1 |
_aAraujo Batista, Alexander _ediseño _4di. _987788 |
|
| 910 | _aLP | ||
| 942 |
_2ddc _cLBS1 |
||
| 999 |
_c58836 _d58836 |
||